[Event "AUTO-OPEN-1686"]
[Site "http://www.queenalice.com/game.php?id=650309"]
[Date "2009.9.10"]
[Round "1"]
[White "josimar"]
[Black "FabianoSales"]
[Result "0-1"]
[WhiteElo "1774"]
[BlackElo "1785"]

1. e4 e5 2. Nf3 Nc6 3. Bb5 Nge7 4. O-O a6 5. Ba4 b5 6. Bb3 h6 7. c3 Bb7 8. d4
Ng6 9. Re1 Bd6 10. Nbd2 O-O 11. Nf1 Be7 12. Ng3 d6 13. a4 b4 14. d5 Nb8 15. cxb4
a5 16. b5 Nd7 17. Be3 Nc5 18. Bxc5 dxc5 19. Nd2 Bh4 20. Nf5 Bg5 21. Nc4 f6 22.
d6 cxd6 23. Ncxd6+ Kh7 24. Nxb7 Qc7 25. Bd5 Rab8 26. Nbd6 Nf4 27. g3 Nxd5 28.
Qxd5 Rbd8 29. Red1 g6 30. Ne3 f5 31. Nec4 fxe4 32. Qxe4 Qe7 33. Rd2 Bxd2 34. Rd1
Bb4 35. Rd5 Qg5 36. Rxe5 Qf6 37. Re7+ Kg8 38. Qd5+ Qf7 39. Qxf7+ Rxf7 40. Rxf7
Bd2 41. Rc7 Bb4 42. h4 Rf8 43. Kg2 Rd8 44. Rc8 Rxc8 0-1

[Event "AUTO-OPEN-1686"]
[Site "http://www.queenalice.com/game.php?id=650330"]
[Date "2009.9.10"]
[Round "1"]
[White "paulogaspar"]
[Black "josimar"]
[Result "1-0"]
[WhiteElo "1918"]
[BlackElo "1659"]

1. d4 c5 2. Nf3 e6 3. Nc3 Nf6 4. Bg5 d5 5. e4 dxe4 6. Nxe4 Qa5+ 7. Ned2 cxd4 8.
Bxf6 gxf6 9. Bd3 Nc6 10. O-O Bg7 11. a3 Qc7 12. b4 f5 13. Rc1 e5 14. Bb5 a6 15.
Bc4 O-O 16. Bb3 b5 17. Re1 e4 18. Ng5 Qe7 19. Qh5 h6 20. Nh3 Be6 21. Nf4 Qd6 22.
Bxe6 Qxf4 23. Bd5 Qxd2 24. Bxc6 Rac8 25. Red1 Qg5 26. Qxg5 hxg5 27. Bd7 Rc3 28.
Bxf5 e3 29. Rd3 Rc4 30. fxe3 dxe3 31. Kf1 Re8 32. Ke2 Bd4 33. c3 Ba7 34. Rf1 Re7
35. h3 Rec7 36. Rc1 Rf4 37. Rf1 Rcc4 38. g3 Rf2+ 39. Rxf2 exf2 40. Rf3 Kg7 41.
Bb1 f6 42. Kf1 Rc7 43. Bf5 Re7 44. Bd3 Re1+ 45. Kg2 Ra1 46. c4 Rxa3 47. cxb5
axb5 48. Bxb5 Ra1 49. Bf1 Rb1 50. b5 Kf7 51. Ra3 Bd4 52. Rd3 Bb6 53. Rd6 Be3 54.
Rd7+ Ke6 55. Rd8 Ke7 56. Rd3 Bb6 57. Ra3 Rb2 58. Ra6 Bd4 59. Ra4 Bb6 60. Ra6 Bd4
61. Ra4 Bb6 62. Re4+ Kd6 63. Re8 1-0

[Event "AUTO-OPEN-1686"]
[Site "http://www.queenalice.com/game.php?id=650331"]
[Date "2009.9.10"]
[Round "1"]
[White "josimar"]
[Black "paulogaspar"]
[Result "0-1"]
[WhiteElo "1980"]
[BlackElo "1822"]

1. d4 Nf6 2. c4 e6 3. Nf3 Be7 4. Nc3 O-O 5. Bg5 h6 6. Bh4 b6 7. e3 Bb7 8. Be2
Ne4 9. Bxe7 Qxe7 10. Qc2 Ng5 11. Nxg5 Qxg5 12. Bf3 Bxf3 13. gxf3 Qg2 14. Ke2 Qh3
15. Rag1 Qh5 16. Rg3 Qf5 17. e4 Qh5 18. Rhg1 g5 19. Qd2 f6 20. e5 Kf7 21. exf6
Kxf6 22. Ne4+ Ke7 23. d5 Qf7 24. d6+ cxd6 25. Qxd6+ Kd8 26. h3 Qe7 27. Qxe7+
Kxe7 28. Rd1 Nc6 29. h4 Ne5 30. hxg5 hxg5 31. Rxg5 Nxc4 32. b3 Na5 33. Rg7+ Rf7
34. Rxf7+ Kxf7 35. Rxd7+ Kg6 36. Re7 Kf5 37. Rf7+ Ke5 38. Ke3 Rd8 39. Rxa7 Nc6
40. Rc7 Nb4 41. f4+ Kd5 42. Nc3+ Kd6 43. Rc4 Nd5+ 44. Nxd5 exd5 45. Rb4 Kc5 46.
Rd4 Re8+ 47. Kd3 Re1 48. b4+ Kc6 49. Kc3 Re2 50. Rd2 Re4 51. Rd4 Re2 0-1

[Event "AUTO-OPEN-1686"]
[Site "http://www.queenalice.com/game.php?id=650344"]
[Date "2009.9.10"]
[Round "1"]
[White "josimar"]
[Black "Tigrao"]
[Result "0-1"]
[WhiteElo "1858"]
[BlackElo "1569"]

1. d4 d5 2. c4 Nf6 3. Nf3 Bd7 4. Bf4 Bg4 5. e3 Nh5 6. Bg3 Nxg3 7. hxg3 c6 8.
Nbd2 e6 9. a3 Be7 10. Qc2 Bf6 11. Rxh7 Rxh7 12. Qxh7 Bxf3 13. gxf3 Nd7 14. Bd3
Nf8 15. Qh3 Qe7 16. cxd5 cxd5 17. Rc1 Qd7 18. Qf1 a6 19. b4 Rc8 20. Ke2 Rxc1 21.
Qxc1 Kd8 22. Qc5 Be7 23. Qb6+ Ke8 24. b5 Bd8 0-1

[Event "AUTO-OPEN-1686"]
[Site "http://www.queenalice.com/game.php?id=650345"]
[Date "2009.9.10"]
[Round "1"]
[White "Tigrao"]
[Black "josimar"]
[Result "1-0"]
[WhiteElo "1597"]
[BlackElo "1812"]

1. e4 c5 2. Nf3 d6 3. Bb5+ Bd7 4. Bxd7+ Qxd7 5. O-O Nc6 6. c3 Nf6 7. Re1 e5 8.
d3 Be7 9. Bg5 O-O 10. h3 Rfe8 11. Nbd2 h6 12. Bxf6 Bxf6 13. Nc4 d5 14. exd5 Qxd5
15. Ne3 Qd7 16. Qc2 Rad8 17. Rad1 Qc7 18. a3 a6 19. c4 Nd4 20. Nxd4 exd4 21. Nd5
Qd6 22. Re2 1-0

[Event "Challenge"]
[Site "http://www.queenalice.com/game.php?id=650349"]
[Date "2009.9.10"]
[Round "-"]
[White "josimar"]
[Black "XadrezPirai"]
[Result "0-1"]
[WhiteElo "1731"]
[BlackElo "2085"]

1. e4 c5 2. Nf3 Nc6 3. d4 cxd4 4. Nxd4 Nf6 5. Nc3 e5 6. Ndb5 d6 7. Bg5 a6 8. Na3
b5 9. Nd5 Be7 10. Bxf6 Bxf6 11. c3 Bg5 12. Nc2 Bb7 0-1

[Event "Challenge"]
[Site "http://www.queenalice.com/game.php?id=650353"]
[Date "2009.9.10"]
[Round "-"]
[White "josimar"]
[Black "aldav"]
[Result "1-0"]
[WhiteElo "1897"]
[BlackElo "1733"]

1. Nf3 d5 2. c4 e6 3. d4 Nf6 4. Bg5 Be7 5. e3 O-O 6. Nc3 dxc4 7. Bxc4 c6 8. O-O
Qd6 9. e4 Ng4 10. e5 Qb4 11. Bxe7 Qxe7 12. h3 Qb4 13. Qd3 Nh6 14. Ng5 g6 15.
Nce4 Nd7 16. Bb3 Nf5 17. Rad1 a5 18. g4 a4 19. Bxe6 fxe6 20. Nxe6 Rf7 21. gxf5
Rxf5 22. Nd6 Rg5+ 23. Nxg5 1-0

[Event "Challenge"]
[Site "http://www.queenalice.com/game.php?id=650354"]
[Date "2009.9.10"]
[Round "-"]
[White "josimar"]
[Black "GIOLE"]
[Result "0-1"]
[WhiteElo "1905"]
[BlackElo "2016"]

1. e4 e5 2. Nf3 Nc6 3. Bb5 Nf6 4. O-O a6 5. Ba4 b5 6. Bb3 Bc5 7. Nxe5 Nxe5 8. d4
Bxd4 9. Qxd4 Nc6 10. Qd3 h6 11. f4 O-O 12. c3 d6 13. Bc2 Bb7 14. Rf3 Ne7 15. Rg3
Bxe4 16. Qe2 Bxc2 17. Qxc2 Re8 18. f5 Nxf5 19. Rf3 Nh4 20. Rf1 Qe7 21. Qf2 Ne4
22. Qf4 d5 23. Nd2 Qg5 24. Qxf7+ Kh8 25. g3 Nxg3 0-1

[Event "Challenge"]
[Site "http://www.queenalice.com/game.php?id=650355"]
[Date "2009.9.10"]
[Round "-"]
[White "josimar"]
[Black "Tchecmaurice"]
[Result "0-1"]
[WhiteElo "2030"]
[BlackElo "1929"]

1. Nf3 c5 2. c4 Nc6 3. g3 Nf6 4. Bg2 d6 5. d3 h6 6. O-O e5 7. a3 Be7 8. Nbd2 Be6
9. Qc2 g5 10. Nb3 Qd7 11. e3 Bf5 12. Nfd2 Bh3 13. Ne4 Nxe4 14. dxe4 h5 15. Rd1
h4 16. Nxc5 Qc8 17. Nb3 hxg3 18. fxg3 Bxg2 19. Qxg2 Qe6 20. Nd2 O-O-O 21. b4 a6
22. b5 axb5 23. cxb5 Na5 24. Nf1 Nb3 25. Rb1 Nc5 26. g4 Rh4 27. h3 Rdh8 0-1

[Event "Challenge"]
[Site "http://www.queenalice.com/game.php?id=652076"]
[Date "2009.9.14"]
[Round "-"]
[White "josimar"]
[Black "jraimundo"]
[Result "0-1"]
[WhiteElo "1959"]
[BlackElo "2382"]

1. Nf3 Nf6 2. d4 g6 3. c4 Bg7 4. Nc3 O-O 5. Bg5 h6 6. Bh4 d6 7. h3 c5 8. d5 g5
9. Bg3 Bf5 10. Rc1 Ne4 11. Bh2 Qa5 12. Qb3 Nd7 13. g4 Nxc3 14. bxc3 Be4 15. Bg2
b5 16. O-O bxc4 17. Qxc4 Bg6 18. Nd2 Rab8 19. e4 Rb2 20. Qd3 Nb6 21. Nc4 Nxc4
22. Qxc4 Rxa2 0-1

[Event "Challenge"]
[Site "http://www.queenalice.com/game.php?id=652077"]
[Date "2009.9.14"]
[Round "-"]
[White "josimar"]
[Black "KennyB"]
[Result "0-1"]
[WhiteElo "1653"]
[BlackElo "1795"]

1. d4 e6 2. c4 d5 3. Nf3 Nf6 4. Bg5 Bb4+ 5. Nc3 O-O 6. e3 Nc6 7. Rc1 Re8 8. Bd3
dxc4 9. Bxc4 h6 10. Bh4 Bd7 11. O-O e5 12. dxe5 Nxe5 13. Nxe5 Rxe5 14. Qb3 Bxc3
15. Bxf7+ Kh8 16. Qxc3 Rf5 17. Bg6 Rd5 18. Qxc7 Qxc7 19. Rxc7 Bc6 20. Rc1 Rd6
21. Bf7 Rad8 22. h3 Rd1+ 23. Rxd1 Rxd1+ 0-1

[Event "Challenge"]
[Site "http://www.queenalice.com/game.php?id=652078"]
[Date "2009.9.14"]
[Round "-"]
[White "marlon2006"]
[Black "josimar"]
[Result "1-0"]
[WhiteElo "2088"]
[BlackElo "1643"]

1. e4 e6 2. Nf3 c5 3. Nc3 Nc6 4. Be2 a6 5. d4 cxd4 6. Nxd4 Bc5 7. Be3 Qb6 8.
Nxc6 Bxe3 9. fxe3 bxc6 10. Qd4 Qxd4 11. exd4 d5 12. O-O Nf6 13. e5 Nd7 14. Rf2
c5 15. dxc5 Nxc5 16. Raf1 O-O 17. Bd3 Bb7 18. Rf4 Rfc8 19. Rxf7 Bc6 20. Ne2 Rf8
21. Rxf8+ Rxf8 22. Bxh7+ 1-0

[Event "Challenge"]
[Site "http://www.queenalice.com/game.php?id=654024"]
[Date "2009.9.17"]
[Round "-"]
[White "josimar"]
[Black "REIDID93"]
[Result "0-1"]
[WhiteElo "1673"]
[BlackElo "1902"]

1. Nf3 Nf6 2. c4 g6 3. g3 Bg7 4. Bg2 c6 5. O-O d6 6. d4 O-O 7. Nc3 a5 8. e4 Na6
9. a3 Rb8 10. Be3 Nc7 11. Qd2 Ng4 12. h3 Nxe3 13. Qxe3 b5 14. Nd2 bxc4 15. Nxc4
Nb5 16. Nxb5 Rxb5 17. Qd2 d5 18. exd5 cxd5 19. Ne3 Bh6 20. f4 Bb7 21. Rfc1 Qb6
22. Rab1 Bg7 0-1

[Event "Challenge"]
[Site "http://www.queenalice.com/game.php?id=654025"]
[Date "2009.9.17"]
[Round "-"]
[White "REIDID93"]
[Black "josimar"]
[Result "1-0"]
[WhiteElo "1912"]
[BlackElo "1681"]

1. d4 Nf6 2. Nc3 e6 3. Bg5 d5 4. e4 dxe4 5. Nxe4 Be7 6. Nxf6+ gxf6 7. Bh6 b6 8.
Nf3 Bb7 9. g3 c5 10. c3 cxd4 11. cxd4 Bb4+ 12. Bd2 Bxd2+ 13. Qxd2 Bxf3 14. Rg1
Qd5 15. Rc1 O-O 16. Bc4 Qe4+ 17. Qe3 Qxe3+ 18. fxe3 Rd8 19. Rf1 Be4 20. g4 Kg7
21. h4 Nd7 22. Ke2 Nf8 23. h5 h6 24. Rf4 1-0

[Event "Challenge"]
[Site "http://www.queenalice.com/game.php?id=654026"]
[Date "2009.9.17"]
[Round "-"]
[White "REIDID93"]
[Black "josimar"]
[Result "1-0"]
[WhiteElo "1909"]
[BlackElo "1666"]

1. Nf3 d5 2. d4 Nf6 3. c4 e6 4. Nc3 c6 5. cxd5 exd5 6. Qc2 Bd6 7. Bg5 O-O 8. e3
Bg4 9. Be2 Nbd7 10. O-O h6 11. Bh4 Re8 12. Rac1 Rc8 13. Rfd1 Qc7 14. Bg3 Bxg3
15. hxg3 a6 16. Nh2 Bxe2 17. Qxe2 Nf8 18. b4 N8d7 19. Ng4 Nxg4 20. Qxg4 Nf6 21.
Qf5 Re7 22. b5 1-0

[Event "Challenge"]
[Site "http://www.queenalice.com/game.php?id=654027"]
[Date "2009.9.17"]
[Round "-"]
[White "pfunk339"]
[Black "josimar"]
[Result "1-0"]
[WhiteElo "1165"]
[BlackElo "1643"]

1. e4 e5 2. c3 Nf6 3. f3 d5 4. d4 dxe4 5. fxe4 Nxe4 6. Qf3 f5 7. Bd3 Qd5 8. Nd2
exd4 9. c4 Qe5 10. Nxe4 fxe4 11. Qxe4 Qxe4+ 12. Bxe4 Bb4+ 13. Bd2 Bxd2+ 14. Kxd2
O-O 15. Ne2 Nd7 16. b4 Nf6 17. Rhf1 Nxe4+ 18. Kd3 Bf5 19. Ng3 Nxg3+ 20. Kd2
Nxf1+ 21. Rxf1 1-0